Azur Lane Ship Quiz - Eagle Union - Statistics

General Stats
  • This quiz has been taken 15 times
  • The average score is 60 of 159
Answer Stats
Rarity Shipgirl % Correct
SR Enterprise
100%
Elite Little Enterprise
100%
Elite Laffey
88%
UR Laffey II
88%
Common Nevada
88%
UR New Jersey
88%
Elite Yorktown
88%
UR Yorktown II
88%
SR Essex
75%
Elite Hornet
75%
SR Hornet II
75%
Common Langley
75%
Elite Langley II
75%
SR Alabama
63%
Priority Anchorage
63%
Elite Arizona
63%
SR Baltimore
63%
Elite Baltimore μ
63%
Rare California
63%
Rare Chicago
63%
Elite Helena
63%
Elite Houston
63%
SR Houston II
63%
SR Indiana
63%
Elite Lexington
63%
UR Lexington II
63%
Elite Little Anchorage
63%
Elite Maryland
63%
SR Massachusetts
63%
SR Minneapolis
63%
SR North Carolina
63%
Common Oklahoma
63%
Rare Pennsylvania
63%
Common Salt Lake City
63%
SR San Diego
63%
Priority Seattle
63%
SR South Dakota
63%
Elite St. Louis
63%
Rare Tennessee
63%
SR Washington
63%
Elite West Virginia
63%
UR William D. Porter
63%
Rare Benson
50%
SR Bremerton
50%
SR Bunker Hill
50%
Elite Colorado
50%
Rare Fletcher
50%
Priority Georgia
50%
Elite Indianapolis
50%
Rare Juneau
50%
Priority Kansas
50%
Decisive Kearsarge
50%
SR New Orleans
50%
Rare Northampton
50%
SR Northampton II
50%
Common Omaha
50%
Common Pensacola
50%
Common Raleigh
50%
SR San Francisco
50%
Elite Saratoga
50%
SR Shangri-La
50%
Common Spence
50%
Rare Wasp
50%
Elite Wichita
50%
Elite Bataan
38%
Rare Brooklyn
38%
Rare Bush
38%
Elite Cleveland
38%
Elite Cleveland μ
38%
Elite Cooper
38%
Elite Denver
38%
SR Fargo
38%
SR Franklin
38%
Priority Halford
38%
Rare Hammann
38%
Elite Independence
38%
SR Intrepid
38%
Elite Louisville
38%
Rare Memphis
38%
SR Montpelier
38%
SR Pittsburgh
38%
Rare Portland
38%
Elite Princeton
38%
Common Richmond
38%
Elite San Jacinto
38%
SR Santa Fe
38%
SR Allen M. Summer
25%
SR Archerfish
25%
Elite Astoria
25%
Rare Atlanta
25%
Elite Bell
25%
Elite Biloxi
25%
Elite Birmingham
25%
Common Bogue
25%
Elite Boise
25%
Elite Boise μ
25%
Elite Columbia
25%
Rare Concord
25%
SR Constellation
25%
SR Cowpens
25%
Rare Dewey
25%
Common Foote
25%
UR Guam
25%
Rare Halsey Powell
25%
Rare Honolulu
25%
SR Ingraham
25%
Rare Jenkins
25%
Rare Long Island
25%
Rare Marblehead
25%
Elite Morrison
25%
Elite Nicholas
25%
Rare Phoenix
25%
Elite Quincy
25%
Rare Radford
25%
Common Ranger
25%
SR Reno
25%
Rare San Juan
25%
Rare Smalley
25%
Rare Stanly
25%
SR Ticonderoga
25%
Elite Vincennes
25%
SR Albacore
13%
Elite Albacore μ
13%
Common Aulick
13%
Rare Bache
13%
Rare Bailey
13%
Elite Bluegill
13%
SR Bristol
13%
Rare Casablanca
13%
Common Cassin
13%
SR Cavalla
13%
Elite Dace
13%
SR Eldridge
13%
Rare Gridley
13%
Elite Hammann II
13%
Elite Herring
13%
Rare Hobby
13%
Elite Lena
13%
Elite Maury
13%
Common McCall
13%
Elite Miller
13%
Elite Pasadena
13%
Rare Sims
13%
Elite Stephen Potter
13%
Rare Thatcher
13%
Rare Aylwin
0%
Elite Charles Ausburne
0%
Elite Clarence K.Bronson
0%
Elite Clevelad
0%
Common Craven
0%
Common Downes
0%
SR Flasher
0%
Rare Hazelwood
0%
Rare Kalk
0%
Rare Kimberly
0%
Elite Li'l Sandy
0%
Elite Mullany
0%
Elite Nautilus
0%
Elite Vestal
0%
No matching quizzes found
Score Distribution
Percent of People with Each Score
Percentile by Number Answered
Your Score History
You have not taken this quiz